[Event "Asuncion zt 2.5 (Women)"]
[Site "Asuncion"]
[Date "2023.03.08"]
[Round "6"]
[White "Oviedo Acosta, Paula"]
[Black "Toro Pradenas, Maria Jose"]
[Result "1/2-1/2"]
[WhiteElo "1763"]
[BlackElo "1971"]
[PlyCount "95"]
[EventDate "2023.03.05"]
[EventType "swiss"]
[EventRounds "9"]
[EventCountry "PAR"]
[SourceTitle "CBM 213 Extra"]
[Source "ChessBase"]
[SourceDate "2023.05.31"]
[SourceVersion "1"]
[SourceVersionDate "2023.05.31"]
[SourceQuality "1"]

1. e4 c5 2. Nf3 e6 3. d4 cxd4 4. Nxd4 Nf6 5. Nc3 Nc6 6. Ndb5 d6 7. Bf4 e5 8. Bg5 a6 9. Na3 b5 10. Nd5 Be7 11. Bxf6 Bxf6 12. c3 Bg5 13. Nc2 Be6 14. a4 Rb8 15. axb5 axb5 16. Ncb4 Nxb4 17. Nxb4 Rb6 18. Nd5 Rb8 19. Nb4 Rb6 20. Ra6 0-0 21. Ra7 d5 22. exd5 Rd6 23. c4 bxc4 24. Bxc4 Qb6 25. Qa4 Bd7 26. Rxd7 Rxd7 27. Nc6 Qxb2 28. 0-0 e4 29. Kh1 Rd6 30. Qa7 Rg6 31. Qd4 Qxd4 32. Nxd4 Rc8 33. Nc6 Kf8 34. Rb1 Rgxc6 35. dxc6 Rxc6 36. Bd5 Rc2 37. Bxe4 Rxf2 38. g3 Re2 39. Bc6 Rc2 40. Ba4 Rc1+ 41. Rxc1 Bxc1 42. Kg2 f5 43. Kf3 Ke7 44. Bb3 Kf6 45. Ba4 g5 46. h3 Ba3 47. Bd7 Bd6 48. Bc8 1/2-1/2

[Event "Asuncion zt 2.5 (Women)"]
[Site "Asuncion"]
[Date "2023.03.07"]
[Round "4"]
[White "Borda Rodas, Anapaola S"]
[Black "Toro Pradenas, Maria Jose"]
[Result "1-0"]
[WhiteElo "2179"]
[BlackElo "1971"]
[PlyCount "83"]
[EventDate "2023.03.05"]
[EventType "swiss"]
[EventRounds "9"]
[EventCountry "PAR"]
[SourceTitle "CBM 213 Extra"]
[Source "ChessBase"]
[SourceDate "2023.05.31"]
[SourceVersion "1"]
[SourceVersionDate "2023.05.31"]
[SourceQuality "1"]

1. e4 c5 2. Nf3 e6 3. g3 Nc6 4. Bg2 Nf6 5. Qe2 e5 6. d3 Be7 7. 0-0 0-0 8. c3 d5 9. Nbd2 d4 10. Nc4 Nd7 11. a4 Qc7 12. Ne1 Nb6 13. Nd2 Be6 14. c4 Bg5 15. Qh5 f6 16. Nb3 Bf7 17. Qd1 Bxc1 18. Nxc1 Nb4 19. f4 Nd7 20. Bh3 Qd6 21. Ne2 a6 22. Nf3 exf4 23. gxf4 b5 24. b3 bxc4 25. bxc4 Be6 26. Bxe6+ Qxe6 27. Kh1 Qg4 28. Qd2 a5 29. Rf2 Kh8 30. Rg1 Qh5 31. f5 Ne5 32. Nxe5 fxe5 33. Rg5 Qh3 34. Rg3 Qh5 35. Rfg2 Ra7 36. Ng1 Rf6 37. Rh3 Qe8 38. Nf3 Qxa4 39. Nxe5 Qa1+ 40. Rg1 Qc3 41. Qf4 Re7 42. Ng6+ 1-0

[Event "Olympiad Women-44"]
[Site "Chennai"]
[Date "2022.08.03"]
[Round "6.3"]
[White "Toro Pradenas, Maria Jose"]
[Black "Abaeva, Aiana"]
[Result "1-0"]
[WhiteElo "1945"]
[BlackElo "1595"]
[PlyCount "109"]
[EventDate "2022.07.29"]
[EventType "team-swiss"]
[EventRounds "11"]
[EventCountry "IND"]
[SourceTitle "CBM 210"]
[Source "ChessBase"]
[SourceDate "2022.10.31"]
[SourceVersion "1"]
[SourceVersionDate "2022.10.31"]
[SourceQuality "1"]
[WhiteTeam "Chile (W)"]
[BlackTeam "Kyrgyzstan (W)"]
[WhiteTeamCountry "CHI"]
[BlackTeamCountry "KGZ"]

1. e4 e5 2. Nf3 Nc6 3. Bb5 a6 4. Ba4 Nf6 5. d3 d6 6. c3 b5 7. Bc2 Bg4 8. h3 Bh5 9. Nbd2 Be7 10. Nf1 d5 11. Ng3 Bg6 12. 0-0 dxe4 13. dxe4 Qxd1 14. Rxd1 Nd7 15. a4 b4 16. Be3 Na5 17. Rd5 Nc4 18. Bc1 bxc3 19. bxc3 Ndb6 20. Rd1 a5 21. Kf1 0-0 22. Nd2 Rad8 23. Bb3 Nxd2+ 24. Bxd2 Nd7 25. Be3 c6 26. Bc4 Nc5 27. Bxc5 Bxc5 28. Rxd8 Rxd8 29. Rb1 h6 30. Ke2 Kf8 31. Rb7 Ke8 32. Nf5 Bf8 33. Rc7 Rb8 34. Rxc6 Bxf5 35. exf5 f6 36. Bb5 Kf7 37. Rc7+ Kg8 38. Ra7 Rc8 39. Kd3 Bc5 40. Bc4+ Kh7 41. Rxa5 Bxf2 42. Bd5 Be1 43. Ra8 e4+ 44. Bxe4 Rxc3+ 45. Ke2 Bg3 46. a5 Ra3 47. Bd5 h5 48. a6 Be5 49. Bf3 h4 50. Bb7 Kh6 51. Rh8+ Kg5 52. Rh7 Kxf5 53. Rxg7 Ke6 54. Rh7 Bg3 55. a7 1-0

[Event "CHI-ch (Women)"]
[Site "Las Condes"]
[Date "2022.02.21"]
[Round "4"]
[White "Toro Pradenas, Maria Jose"]
[Black "Luna Benalcazar, Gianella"]
[Result "1/2-1/2"]
[WhiteElo "1979"]
[BlackElo "1736"]
[PlyCount "48"]
[EventDate "2022.02.18"]
[EventType "tourn"]
[EventRounds "11"]
[EventCountry "CHI"]
[SourceTitle "CBM 207 Extra"]
[Source "ChessBase"]
[SourceDate "2022.05.31"]
[SourceVersion "1"]
[SourceVersionDate "2022.05.31"]
[SourceQuality "1"]

1. e4 c6 2. d4 d5 3. exd5 cxd5 4. c4 Nf6 5. Nc3 g6 6. Nf3 Bg7 7. Bd3 0-0 8. h3 a6 9. 0-0 Nbd7 10. Qe2 dxc4 11. Bxc4 b5 12. Bb3 Nb6 13. Bg5 Bb7 14. Rad1 b4 15. Na4 Nxa4 16. Bxa4 Qa5 17. Bxf6 Bxf6 18. Bb3 Qh5 19. d5 Rfd8 20. Kh2 Qh6 21. Qe4 a5 22. Ne5 Rd6 23. Nc4 Rdd8 24. Ne5 Rd6 1/2-1/2

[Event "CHI-ch (Women)"]
[Site "Las Condes"]
[Date "2022.02.19"]
[Round "2"]
[White "Toro Pradenas, Maria Jose"]
[Black "Sanchez Tobar, Francisca Valentina"]
[Result "1-0"]
[WhiteElo "1979"]
[BlackElo "1837"]
[PlyCount "104"]
[EventDate "2022.02.18"]
[EventType "tourn"]
[EventRounds "11"]
[EventCountry "CHI"]
[SourceTitle "CBM 207 Extra"]
[Source "ChessBase"]
[SourceDate "2022.05.31"]
[SourceVersion "1"]
[SourceVersionDate "2022.05.31"]
[SourceQuality "1"]

1. e4 e5 2. Nf3 Nc6 3. Bb5 a6 4. Ba4 Nf6 5. d3 b5 6. Bb3 h6 7. c3 Bc5 8. 0-0 d6 9. a4 Rb8 10. axb5 axb5 11. d4 Bb6 12. h3 0-0 13. Re1 Re8 14. d5 Ne7 15. Nbd2 Ng6 16. Nf1 Nh5 17. Be3 Nhf4 18. Ng3 Rf8 19. Bc2 h5 20. b3 Bd7 21. c4 b4 22. Qd2 h4 23. Nf5 Bxe3 24. fxe3 Nh5 25. Qf2 Nf6 26. N3xh4 Ne8 27. Qg3 Nxh4 28. Nxh4 g6 29. Rf1 Ng7 30. Nf3 Qe8 31. Ra7 Qd8 32. Qg5 Qxg5 33. Nxg5 Ne8 34. Rfa1 Kg7 35. Nf3 Kg8 36. Kf2 Kg7 37. g4 Rh8 38. Kg3 Rf8 39. R1a5 Kf6 40. g5+ Ke7 41. c5 Rh8 42. cxd6+ cxd6 43. h4 Rg8 44. Nd2 Ng7 45. Bd1 Rgd8 46. Bg4 Ne8 47. Nc4 f6 48. R5a6 fxg5 49. hxg5 Rbc8 50. Nb6 Rc3 51. Nxd7 Nc7 52. Rc6 Rxd7 1-0

[Event "Mexico City UNAM Prelim-C (Women)"]
[Site "Mexico City"]
[Date "2012.11.20"]
[Round "5"]
[White "Botez, Alexandra"]
[Black "Toro Pradenas, Maria Jose"]
[Result "0-1"]
[WhiteElo "2015"]
[BlackElo "2009"]
[PlyCount "132"]
[EventDate "2012.11.16"]
[EventType "tourn (rapid)"]
[EventRounds "20"]
[EventCountry "MEX"]
[SourceTitle "CBM 151 Extra"]
[Source "ChessBase"]
[SourceDate "2012.12.18"]
[SourceVersion "1"]
[SourceVersionDate "2012.12.18"]
[SourceQuality "1"]

1. d4 d5 2. Nf3 Nf6 3. c4 c6 4. Nc3 a6 5. cxd5 cxd5 6. Qb3 e6 7. Bg5 Be7 8. e3 0-0 9. Bd3 h6 10. Bh4 Nc6 11. 0-0 b5 12. Rac1 Bb7 13. Qc2 Nb4 14. Qb1 Nxd3 15. Qxd3 Ne4 16. Bxe7 Qxe7 17. Ne5 Rac8 18. Ne2 Qb4 19. b3 Qa3 20. f3 Nd6 21. Qb1 Nf5 22. Kf2 Qd6 23. Nf4 a5 24. g4 Ne7 25. Kg1 b4 26. Rxc8 Rxc8 27. Rc1 Qd8 28. Ned3 Ba6 29. Nc5 Bb5 30. Nb7 Qb6 31. Nc5 e5 32. Ng2 exd4 33. exd4 Qf6 34. Qb2 Qxf3 35. Re1 Ng6 36. Ne3 Re8 37. Qf2 Qxf2+ 38. Kxf2 Nf4 39. Kf3 g5 40. h4 Ne6 41. Nxe6 Rxe6 42. hxg5 hxg5 43. Rh1 Bd3 44. Rh5 Be4+ 45. Ke2 f6 46. Kd2 Kg7 47. Rh2 Kg6 48. Rf2 Rc6 49. Rf1 Rc3 50. Rd1 a4 51. bxa4 Ra3 52. Ra1 Rxa4 53. Nc2 Bf3 54. Rb1 Rxa2 55. Ke3 Rxc2 56. Kxf3 Rc3+ 57. Ke2 b3 58. Kd2 Rg3 59. Re1 Rxg4 60. Kc3 Rg3+ 61. Kb2 g4 62. Rc1 Rd3 63. Rg1 Kg5 64. Rc1 f5 65. Rc5 g3 66. Rc1 f4 0-1

[Event "Mexico City UNAM Prelim-C (Women)"]
[Site "Mexico City"]
[Date "2012.11.20"]
[Round "5"]
[White "Toro Pradenas, Maria Jose"]
[Black "Botez, Alexandra"]
[Result "1-0"]
[WhiteElo "2009"]
[BlackElo "2015"]
[PlyCount "57"]
[EventDate "2012.11.16"]
[EventType "tourn (rapid)"]
[EventRounds "20"]
[EventCountry "MEX"]
[SourceTitle "CBM 151 Extra"]
[Source "ChessBase"]
[SourceDate "2012.12.18"]
[SourceVersion "1"]
[SourceVersionDate "2012.12.18"]
[SourceQuality "1"]

1. e4 e6 2. d4 d5 3. Nc3 Nf6 4. e5 Nfd7 5. f4 c5 6. Nf3 Nc6 7. Be3 Rb8 8. Qd2 Qa5 9. dxc5 Bxc5 10. Bxc5 Qxc5 11. Nb5 0-0 12. c3 f6 13. Nbd4 Qe7 14. exf6 Qxf6 15. 0-0-0 Nc5 16. g3 Ne4 17. Qe1 Bd7 18. Bd3 Nc5 19. Bc2 Nxd4 20. Rxd4 b5 21. Ne5 Be8 22. Ng4 Qf7 23. Rf1 Nd7 24. f5 Rb6 25. Rdf4 exf5 26. Rxf5 Nf6 27. Rxf6 gxf6 28. Nh6+ Kh8 29. Nxf7+ 1-0

[Event "Mexico City UNAM Prelim-C (Women)"]
[Site "Mexico City"]
[Date "2012.11.19"]
[Round "4"]
[White "Ordaz Valdes, Lisandra Teresa"]
[Black "Toro Pradenas, Maria Jose"]
[Result "1-0"]
[WhiteElo "2350"]
[BlackElo "2009"]
[PlyCount "55"]
[EventDate "2012.11.16"]
[EventType "tourn (rapid)"]
[EventRounds "20"]
[EventCountry "MEX"]
[SourceTitle "CBM 151 Extra"]
[Source "ChessBase"]
[SourceDate "2012.12.18"]
[SourceVersion "1"]
[SourceVersionDate "2012.12.18"]
[SourceQuality "1"]

1. d4 d5 2. c4 c6 3. Nc3 Nf6 4. e3 a6 5. Qc2 b5 6. b3 e6 7. Nf3 Bd6 8. Bd3 0-0 9. 0-0 Nbd7 10. e4 dxe4 11. Nxe4 Be7 12. Ne5 Bb7 13. Nxd7 Nxd7 14. Bf4 Nf6 15. Nxf6+ Bxf6 16. Bxh7+ Kh8 17. Be4 Qxd4 18. Rad1 Qb6 19. c5 Qa7 20. Qd3 g6 21. Qh3+ Kg8 22. Rd7 Bg7 23. Bxg6 fxg6 24. Qxe6+ Kh7 25. Rxg7+ Kxg7 26. Be5+ Kh6 27. Qh3+ Kg5 28. f4+ 1-0

[Event "Mexico City UNAM Prelim-C (Women)"]
[Site "Mexico City"]
[Date "2012.11.19"]
[Round "4"]
[White "Toro Pradenas, Maria Jose"]
[Black "Ordaz Valdes, Lisandra Teresa"]
[Result "0-1"]
[WhiteElo "2009"]
[BlackElo "2350"]
[PlyCount "57"]
[EventDate "2012.11.16"]
[EventType "tourn (rapid)"]
[EventRounds "20"]
[EventCountry "MEX"]
[SourceTitle "CBM 151 Extra"]
[Source "ChessBase"]
[SourceDate "2012.12.18"]
[SourceVersion "1"]
[SourceVersionDate "2012.12.18"]
[SourceQuality "1"]

1. e4 e5 2. Nf3 Nf6 3. Nxe5 d6 4. Nf3 Nxe4 5. d4 d5 6. Bd3 Nc6 7. 0-0 Be7 8. Re1 Bg4 9. c3 f5 10. Nbd2 0-0 11. Qb3 Na5 12. Qa4 Nc6 13. Qb5 Rb8 14. h3 Bh5 15. Qb3 Kh8 16. Qc2 Bh4 17. g3 Be7 18. Kg2 Bd6 19. b4 Qf6 20. Bb2 Rbe8 21. b5 Ne7 22. c4 c6 23. c5 Bc7 24. bxc6 Nxc6 25. Bb5 Ba5 26. Bxc6 bxc6 27. Bc1 Bxf3+ 28. Kxf3 Ng5+ 29. Kf4 0-1

[Event "Mexico City UNAM Prelim-C (Women)"]
[Site "Mexico City"]
[Date "2012.11.17"]
[Round "2"]
[White "Andrenko, Irina"]
[Black "Toro Pradenas, Maria Jose"]
[Result "1/2-1/2"]
[WhiteElo "2233"]
[BlackElo "2009"]
[PlyCount "102"]
[EventDate "2012.11.16"]
[EventType "tourn (rapid)"]
[EventRounds "20"]
[EventCountry "MEX"]
[SourceTitle "CBM 151 Extra"]
[Source "ChessBase"]
[SourceDate "2012.12.18"]
[SourceVersion "1"]
[SourceVersionDate "2012.12.18"]
[SourceQuality "1"]

1. e4 c5 2. Nf3 e6 3. d4 cxd4 4. Nxd4 a6 5. Nc3 Qc7 6. g3 b5 7. Bg2 Bb7 8. 0-0 d6 9. a4 b4 10. Na2 Nf6 11. Re1 Be7 12. Bg5 Nbd7 13. Qd2 Nc5 14. Bxf6 Bxf6 15. Nxb4 0-0 16. Ra3 Nd7 17. c3 Nb6 18. b3 a5 19. Nbc2 d5 20. Nb5 Qb8 21. exd5 Bxd5 22. Bxd5 Nxd5 23. Ncd4 Qb6 24. Ra2 Rfd8 25. Qc1 Rac8 26. Rc2 Nc7 27. Nxc7 Rxc7 28. Nb5 Rcd7 29. Rce2 Rd5 30. Qe3 Qb8 31. b4 Rd3 32. Qc1 Qa8 33. Re3 axb4 34. Rxd3 Rxd3 35. cxb4 Qxa4 36. Qc8+ Rd8 37. Qc4 Rb8 38. Rc1 g6 39. Nd6 Qxb4 40. Qxb4 Rxb4 41. Rc8+ Kg7 42. Rc7 Be5 43. Rxf7+ Kg8 44. Rd7 Rd4 45. Rd8+ Kg7 46. Nb7 Rxd8 47. Nxd8 Kf6 48. Nc6 Bd6 49. f4 e5 50. fxe5+ Bxe5 51. Nxe5 Kxe5 1/2-1/2

[Event "Mexico City UNAM Prelim-C (Women)"]
[Site "Mexico City"]
[Date "2012.11.16"]
[Round "1"]
[White "Toro Pradenas, Maria Jose"]
[Black "Gara, Ticia"]
[Result "0-1"]
[WhiteElo "2009"]
[BlackElo "2377"]
[PlyCount "71"]
[EventDate "2012.11.16"]
[EventType "tourn (rapid)"]
[EventRounds "20"]
[EventCountry "MEX"]
[SourceTitle "CBM 151 Extra"]
[Source "ChessBase"]
[SourceDate "2012.12.18"]
[SourceVersion "1"]
[SourceVersionDate "2012.12.18"]
[SourceQuality "1"]

1. e4 c5 2. c3 Nf6 3. e5 Nd5 4. d4 cxd4 5. Nf3 Nc6 6. Bc4 Nb6 7. Bb3 d5 8. cxd4 Bg4 9. Be3 e6 10. 0-0 Be7 11. Nbd2 0-0 12. Bc2 Nb4 13. Bb1 Nc4 14. Nxc4 dxc4 15. h3 Bf5 16. Bxf5 exf5 17. Qe2 Rc8 18. Rfc1 Qd5 19. Rc3 Rc6 20. b3 cxb3 21. Rxb3 Rc2 22. Qd1 Rfc8 23. Ne1 Rxa2 24. Rxa2 Nxa2 25. Qb1 Nc3 26. Qb2 Nd1 27. Qb1 Nxe3 28. fxe3 Rc7 29. Kf1 Qc4+ 30. Kf2 b6 31. Rb2 Qe6 32. Qd3 g6 33. Re2 Rd7 34. Rb2 f6 35. Nf3 Rxd4 36. Qd1 0-1

[Event "Mexico City UNAM Prelim-C (Women)"]
[Site "Mexico City"]
[Date "2012.11.16"]
[Round "1"]
[White "Toro Pradenas, Maria Jose"]
[Black "Gara, Ticia"]
[Result "0-1"]
[WhiteElo "2009"]
[BlackElo "2377"]
[PlyCount "104"]
[EventDate "2012.11.16"]
[EventType "tourn (rapid)"]
[EventRounds "20"]
[EventCountry "MEX"]
[SourceTitle "CBM 151 Extra"]
[Source "ChessBase"]
[SourceDate "2012.12.18"]
[SourceVersion "1"]
[SourceVersionDate "2012.12.18"]
[SourceQuality "1"]

1. e4 c5 2. c3 Nf6 3. e5 Nd5 4. d4 cxd4 5. Nf3 Nc6 6. Bc4 Nb6 7. Bb3 d5 8. exd6 Qxd6 9. Nxd4 Nxd4 10. cxd4 Bf5 11. 0-0 e6 12. Nc3 Be7 13. Nb5 Qd7 14. Qe2 0-0 15. Rd1 Bf6 16. Bf4 Nd5 17. Be5 Bg5 18. Nd6 Bg6 19. Ne4 Bxe4 20. Qxe4 f5 21. Qe2 Rac8 22. f4 Bxf4 23. Bxd5 Bxe5 24. Bxe6+ Qxe6 25. dxe5 Rfe8 26. Qb5 Re7 27. Rd5 a6 28. Qd3 Qb6+ 29. Kh1 Qe6 30. Re1 Rce8 31. b3 g6 32. Rd8 Rxd8 33. Qxd8+ Re8 34. Qd4 Kf7 35. g3 Re7 36. Kg2 Rd7 37. Qe3 Qd5+ 38. Kf2 Qd2+ 39. Re2 Qxe3+ 40. Kxe3 Ke6 41. Kf3 Rd3+ 42. Kf2 Rd5 43. Rc2 Kxe5 44. Rc7 Rd2+ 45. Kg1 b5 46. a4 bxa4 47. bxa4 Ra2 48. Rc5+ Ke4 49. Ra5 Kf3 50. h4 Kxg3 51. Kf1 f4 52. Rxa6 f3 0-1

[Event "Olympiad Women-40"]
[Site "Istanbul"]
[Date "2012.09.09"]
[Round "11.2"]
[White "Toro Pradenas, Maria Jose"]
[Black "Peng, Jackie"]
[Result "0-1"]
[WhiteElo "2040"]
[BlackElo "2009"]
[PlyCount "134"]
[EventDate "2012.08.28"]
[EventType "team-swiss"]
[EventRounds "11"]
[EventCountry "TUR"]
[SourceTitle "CBM 150 Extra"]
[Source "ChessBase"]
[SourceDate "2012.10.19"]
[SourceVersion "1"]
[SourceVersionDate "2012.10.19"]
[SourceQuality "1"]
[WhiteTeam "Chile (W)"]
[BlackTeam "Canada (W)"]
[WhiteTeamCountry "CHI"]
[BlackTeamCountry "CAN"]

1. e4 c5 2. c3 Nf6 3. e5 Nd5 4. d4 cxd4 5. Nf3 Nc6 6. Bc4 e6 7. 0-0 d6 8. cxd4 Be7 9. Qe2 0-0 10. a3 Na5 11. Ba2 Bd7 12. b4 Nc6 13. Bb2 Rc8 14. Nbd2 Nb6 15. Bb3 d5 16. Rfc1 a6 17. Bc3 Na7 18. a4 Qe8 19. Qd1 Rc7 20. b5 axb5 21. Ba5 Rxc1 22. Qxc1 Nxa4 23. Qb1 Nc6 24. Bxa4 bxa4 25. Rxa4 Nxe5 26. Ra2 Nxf3+ 27. Nxf3 b5 28. Ne5 f6 29. Nd3 Bd6 30. Bb4 Bxb4 31. Qxb4 Qc8 32. Nc5 e5 33. f3 Bc6 34. Ra7 e4 35. fxe4 Qg4 36. h3 Qg3 37. Ne6 Qe3+ 38. Kh2 Rf7 39. Rxf7 Kxf7 40. Nd8+ Kg6 41. Nxc6 Qf4+ 42. g3 Qf2+ 43. Kh1 Qf1+ 44. Kh2 Qe2+ 45. Kg1 Qd1+ 46. Kf2 Qc2+ 47. Ke3 Qxc6 48. Qc5 Qe6 49. e5 fxe5 50. Qxb5 e4 51. Qc5 h5 52. h4 Qf5 53. Qd6+ Kh7 54. Kd2 Qf2+ 55. Kc1 Qxd4 56. Qe6 Qc3+ 57. Kd1 Qd3+ 58. Kc1 e3 59. Qe5 Qe4 60. Qxh5+ Kg8 61. Qe2 d4 62. Qc4+ Kh7 63. Kd1 Qb1+ 64. Ke2 Qb2+ 65. Kf3 Qf2+ 66. Kg4 e2 67. Qd3+ Kh8 0-1

[Event "Olympiad Women-40"]
[Site "Istanbul"]
[Date "2012.08.31"]
[Round "4.2"]
[White "Gameel, Amal"]
[Black "Toro Pradenas, Maria Jose"]
[Result "0-1"]
[WhiteElo "1753"]
[BlackElo "2040"]
[PlyCount "124"]
[EventDate "2012.08.28"]
[EventType "team-swiss"]
[EventRounds "11"]
[EventCountry "TUR"]
[SourceTitle "CBM 150 Extra"]
[Source "ChessBase"]
[SourceDate "2012.10.19"]
[SourceVersion "1"]
[SourceVersionDate "2012.10.19"]
[SourceQuality "1"]
[WhiteTeam "Yemen (W)"]
[BlackTeam "Chile (W)"]
[WhiteTeamCountry "YEM"]
[BlackTeamCountry "CHI"]

1. e4 c5 2. c3 Nf6 3. e5 Nd5 4. d4 cxd4 5. Qxd4 e6 6. Bc4 Nc6 7. Qe4 Nb6 8. Bb3 d6 9. Nf3 Nd7 10. exd6 Nc5 11. Qc2 Bxd6 12. 0-0 Qc7 13. Ba4 Nxa4 14. Qxa4 Bd7 15. Qc4 h6 16. Be3 e5 17. Na3 Bxa3 18. bxa3 0-0 19. Bc5 Rfe8 20. Qd5 Be6 21. Qd6 Qxd6 22. Bxd6 f6 23. Rab1 b6 24. Rb2 Na5 25. Nd2 Rad8 26. Bb4 Nc4 27. Nxc4 Bxc4 28. Rfb1 a5 29. h3 axb4 30. Rxb4 b5 31. a4 Bd3 32. R1b2 bxa4 33. Rxa4 Rc8 34. Ra7 Rb8 35. Rd2 e4 36. a4 Ra8 37. Rxa8 Rxa8 38. Ra2 Ra5 39. Kh2 Kf7 40. Kg3 Ke6 41. Kf4 Kd5 42. g3 Kc4 43. Ra3 Bc2 44. Ke3 f5 45. f3 exf3 46. Kxf3 Bxa4 47. Ke3 g5 48. h4 Re5+ 49. Kd2 Rd5+ 50. Kc1 Bb3 51. Ra6 Kxc3 52. Rc6+ Bc4 53. hxg5 hxg5 54. Rc7 Rd3 55. Re7 Rxg3 56. Re1 f4 57. Kb1 Re3 58. Rc1+ Kb3 59. Ka1 Ka3 60. Rb1 Re2 61. Rc1 Ra2+ 62. Kb1 Bd3+ 0-1

[Event "Olympiad Women-40"]
[Site "Istanbul"]
[Date "2012.08.30"]
[Round "3.3"]
[White "Toro Pradenas, Maria Jose"]
[Black "Ziogaite, Jovita"]
[Result "0-1"]
[WhiteElo "2040"]
[BlackElo "2052"]
[PlyCount "46"]
[EventDate "2012.08.28"]
[EventType "team-swiss"]
[EventRounds "11"]
[EventCountry "TUR"]
[SourceTitle "CBM 150 Extra"]
[Source "ChessBase"]
[SourceDate "2012.10.19"]
[SourceVersion "1"]
[SourceVersionDate "2012.10.19"]
[SourceQuality "1"]
[WhiteTeam "Chile (W)"]
[BlackTeam "Lithuania (W)"]
[WhiteTeamCountry "CHI"]
[BlackTeamCountry "LTU"]

1. e4 c5 2. c3 d5 3. exd5 Qxd5 4. d4 cxd4 5. cxd4 Nc6 6. Nf3 e5 7. Nc3 Bb4 8. Be3 exd4 9. Nxd4 Nge7 10. Ndb5 Qe5 11. Qd2 0-0 12. f4 Qf6 13. 0-0-0 Bg4 14. Be2 Rfd8 15. Qe1 Bxe2 16. Qxe2 a6 17. Ne4 Qe6 18. Nbc3 Rac8 19. Kb1 Nf5 20. Bb6 Ncd4 21. Bxd4 Nxd4 22. Qe3 Bxc3 23. bxc3 Qb6+ 0-1

[Event "Santiago de Chile Nunoa CC IRT 1"]
[Site "Santiago de Chile"]
[Date "2012.07.06"]
[Round "2"]
[White "Pollio, Carlos Eduardo"]
[Black "Toro Pradenas, Maria Jose"]
[Result "1-0"]
[WhiteElo "1954"]
[BlackElo "2040"]
[PlyCount "57"]
[EventDate "2012.07.03"]
[EventType "tourn"]
[EventRounds "7"]
[EventCountry "CHI"]
[SourceTitle "EXT 2013"]
[Source "ChessBase"]
[SourceDate "2012.11.22"]
[SourceVersion "1"]
[SourceVersionDate "2012.11.22"]
[SourceQuality "1"]

1. d4 d5 2. Bf4 Nf6 3. Nd2 e6 4. e3 Bd6 5. Bg3 c5 6. c3 Nc6 7. Ngf3 h6 8. Bd3 a6 9. a3 c4 10. Bc2 b5 11. Ne5 Bxe5 12. dxe5 Nd7 13. f4 g6 14. 0-0 h5 15. Nf3 h4 16. Bf2 Kf8 17. e4 h3 18. g3 Ne7 19. Ng5 Kg8 20. Qg4 Bb7 21. Rad1 Kg7 22. Bd4 Nc6 23. exd5 Nxd4 24. Rxd4 exd5 25. Bxg6 Bc8 26. Bf5 Nxe5 27. fxe5 Kf8 28. Bxc8 Qxc8 29. Qxc8+ 1-0

[Event "Universiad (Women) 26th"]
[Site "Shenzhen"]
[Date "2011.08.18"]
[Round "6"]
[White "Hoolt, Sarah"]
[Black "Toro Pradenas, Maria Jose"]
[Result "1-0"]
[WhiteElo "2314"]
[BlackElo "2003"]
[PlyCount "69"]
[EventDate "2011.08.15"]
[EventType "swiss"]
[EventRounds "9"]
[EventCountry "CHN"]
[SourceTitle "CBM 143 Extra"]
[Source "ChessBase"]
[SourceDate "2011.08.29"]
[SourceVersion "1"]
[SourceVersionDate "2011.08.29"]
[SourceQuality "1"]

1. e4 c5 2. Nf3 e6 3. d4 cxd4 4. Nxd4 a6 5. c4 Nf6 6. Nc3 Qc7 7. a3 b6 8. Be2 Bb7 9. f3 d6 10. Be3 Be7 11. Rc1 0-0 12. 0-0 Nbd7 13. Qd2 Rac8 14. b4 Qb8 15. Na4 g6 16. Nb3 Bc6 17. Nb2 Qa8 18. Rfe1 Rfe8 19. Bf1 d5 20. exd5 exd5 21. c5 b5 22. Nd3 Nh5 23. Bd4 Ng7 24. Ne5 Nxe5 25. Bxe5 Ne6 26. Nd4 Nxd4 27. Qxd4 Bf8 28. f4 Re6 29. f5 gxf5 30. Bd3 Bh6 31. Bxf5 Rg6 32. Bxg6 fxg6 33. Qh4 Bxc1 34. Qf6 Qb7 35. Qh8+ 1-0

[Event "South America-ch U20 Girls 7th"]
[Site "Asuncion"]
[Date "2010.05.17"]
[Round "9.2"]
[White "Cordero, Daniela"]
[Black "Toro Pradenas, Maria Jose"]
[Result "1-0"]
[WhiteElo "1996"]
[BlackElo "2006"]
[PlyCount "67"]
[EventDate "2010.05.11"]
[EventType "swiss"]
[EventRounds "9"]
[EventCountry "PAR"]
[SourceTitle "EXT 2022"]
[Source "ChessBase"]
[SourceDate "2021.10.06"]
[SourceVersion "1"]
[SourceVersionDate "2021.10.06"]
[SourceQuality "1"]

1. d4 d5 2. Nf3 Nf6 3. c4 c6 4. Qc2 g6 5. e3 Bg7 6. Bd3 0-0 7. 0-0 Nbd7 8. Nc3 Re8 9. Ne5 Nxe5 10. dxe5 Ng4 11. f4 dxc4 12. Bxc4 b5 13. Bd3 Qb6 14. Qe2 f6 15. h3 Nh6 16. Kh1 fxe5 17. fxe5 Bxe5 18. Qf3 Nf5 19. Bxf5 Bxf5 20. e4 Be6 21. Bh6 Bc4 22. Rfd1 Bg7 23. Bxg7 Kxg7 24. b3 Bg8 25. Ne2 b4 26. Qf4 Qa5 27. Rd7 Rad8 28. Rad1 Rxd7 29. Rxd7 Be6 30. Rc7 Qc5 31. Qd2 Rc8 32. Rxe7+ Kf8 33. Nf4 Qe5 34. Rxe6 1-0

[Event "South America-ch U20 Girls 7th"]
[Site "Asuncion"]
[Date "2010.05.13"]
[Round "4.3"]
[White "Estrada, Lucia"]
[Black "Toro Pradenas, Maria Jose"]
[Result "1-0"]
[WhiteElo "1964"]
[BlackElo "2006"]
[PlyCount "67"]
[EventDate "2010.05.11"]
[EventType "swiss"]
[EventRounds "9"]
[EventCountry "PAR"]
[SourceTitle "EXT 2022"]
[Source "ChessBase"]
[SourceDate "2021.10.06"]
[SourceVersion "1"]
[SourceVersionDate "2021.10.06"]
[SourceQuality "1"]

1. d4 d5 2. Nf3 Nf6 3. Bg5 Ne4 4. Bf4 e6 5. e3 Bd6 6. Ne5 0-0 7. f3 f6 8. fxe4 fxe5 9. dxe5 Bc5 10. Qg4 c6 11. Qg3 Qb6 12. b3 d4 13. exd4 Bxd4 14. c3 Nd7 15. cxd4 Qxd4 16. Bh6 Qxe4+ 17. Be2 Qxe5 18. Qxe5 Nxe5 19. Be3 Bd7 20. Nc3 b6 21. 0-0-0 c5 22. g3 Bc6 23. Rhf1 Rfd8 24. Bf4 Nf7 25. Bc4 Re8 26. Rfe1 g5 27. Be5 h6 28. Bf6 Bf3 29. Rd2 Bg4 30. Bb5 Rf8 31. Be7 Rfc8 32. Ne4 Kg7 33. Nf6 Bh3 34. g4 1-0